000 00738nam a2200229Ia 4500
001 17076
003 GE_BSU
008 181216s||||||||xx |||||||||||||| ||und||
040 _cGE_BSU
080 _a821.353.1-1
100 _aაბაშიძე, გრიგოლ (1914-1994)
245 _aდროშები : [ლექსთა კრებული]
245 _bლექსები
245 _cრედ.ს.ჩიქოვანი
260 _aთბილისი
260 _bსაბჭოთა მწერალი
260 _c1945
300 _a58გვ. ; 16სმ
653 _aდროშები : [ლექსთა კრებული]
653 _aლექსები
942 _cBK
999 _c50138
_d50138